• 首页
  • 本馆介绍
  • 公告通知
  • 最新文献
  • 馆藏检索
  • 电子资源
  • 读者导购
  • 参考咨询
  • 我的图书馆
  • 登录
  • 详细信息显示
  • 放入我的书架
  • 预约/预借图书
  • 作者相关作品
  • 分类相关作品
  • 丛书相关作品
  • 出版社相关作品

书目信息

  • 表格格式
  • 工作单格式
  • 卡片格式
题名:
化学概念与化学计算
    
 
作者: 《化学概念与化学计算》编写组编
分册:  
出版信息: 北京   北京师范大学出版社  1982
页数: 338页
开本: 19cm
丛书名:
单 册:
中图分类: O6-04 , G633.8
科图分类:
主题词: 化学--概念 , 化学--计算
电子资源:
ISBN:
000 00678nam0 2200253 45
001 0182005315
005 20040428170608.1
010    @dCNY1.67
091    @a7243.324
100    @a19950421d1982 em y0chiy0121 ea
101 0  @achi
102    @aCN@b110000
105    @ay z 000yy
106    @ar
200 10 @a化学概念与化学计算@Ahua xue gai nian yu hua xue ji suan@f《化学概念与化学计算》编写组编
210    @a北京@c北京师范大学出版社@d1982
215    @a338页@d19cm
606    @a化学@x概念
606    @a化学@x计算
690    @aO6-04@v3
690    @aG633.8@v3
801  0 @aCN@b上海图书馆@c20031217
801  2 @aCN@bNLC@c20031217
905    @dG633.8@e14=2@f4@b233974-977
    
    化学概念与化学计算/《化学概念与化学计算》编写组编.-北京:北京师范大学出版社,1982
    338页;19cm
    
    
    ISBN :CNY1.67
    
●
相关链接 在E读中查询图书 在五车中查询图书 在当当中查询图书 在豆瓣中查询图书


正题名:化学概念与化学计算     索取号:G633.8/14=2         预约/预借

序号 登录号 条形码 馆藏地/架位号 状态 备注
1 0233974   000611831   密集书库/ [索取号:G633.8/14=2] 在馆    
2 0233975   000611822   密集书库/ [索取号:G633.8/14=2] 在馆    
3 0233976   000611813   密集书库/ [索取号:G633.8/14=2] 在馆    
4 0233977   000611840   密集书库/ [索取号:G633.8/14=2] 在馆    
5 0233978   002066944   第一样本阅览室/ [索取号:G633.8/14=2] 在馆    
唐山师范学院图书馆 欢迎您!
大连网信软件有限公司© 版权所有